Typografická úprava knihy /

Uložené v:
Podrobná bibliografia
Hlavný autor: Kohút, Leo, 1917- (Author)
Médium: Kniha
Jazyk:Slovak
Russian
German
French
English
Vydané: Martin : Matica slovenská, 196.
Vydanie:1. vyd.
ISBN: (viaz.)
Fyzický popis: 194 s.
Tagy: Pridať tag
Žiadne tagy, Buďte prvý kto otaguje tento záznam!

MARC

LEADER 00000nam a22000007a 4500
001 000464310
005 20150414192830.0
008 141119s1961 xo slo d
020 |a (viaz.)  |c Kčs 25,00 
040 |a SVKKK  |b slo  |c SVKKK  |e AACR2 
041 0 |a slo  |h rus  |h ger  |h fre  |h eng 
044 |a xo  |c SK 
100 1 |a Kohút, Leo,  |d 1917-  |4 aut 
245 1 0 |a Typografická úprava knihy /  |c Leo Kohút. 
250 |a 1. vyd. 
260 |a Martin :  |b Matica slovenská,  |c 196. 
300 |a 194 s. 
500 |a Resumé rus., nem., angl., franc. 
910 |a svkkk 
998 |a BK 
090 |g SCKHL  |k Sklad Pribinova 1. posch.  |a IV.18356  |j 287984  |i 464310-10  |s Absenčne 
090 |g SCKHL  |k Sklad Pribinova 1. posch.  |a IV.25391  |j 282178  |i 464310-20  |s Absenčne